[Event "Pontevedra op 11th"]
[Site "Pontevedra"]
[Date "2023.07.25"]
[Round "3"]
[White "Reza Salgado, Marcos"]
[Black "Soler Guerra, Jennys Dailin"]
[Result "1/2-1/2"]
[WhiteElo "1827"]
[BlackElo "1957"]
[PlyCount "96"]
[EventDate "2023.07.24"]
[EventType "swiss"]
[EventRounds "9"]
[EventCountry "ESP"]
[SourceTitle "EXT 2024"]
[Source "ChessBase"]
[SourceDate "2023.10.10"]
[SourceVersion "1"]
[SourceVersionDate "2023.10.10"]
[SourceQuality "1"]

1. d4 d5 2. Nf3 Nf6 3. e3 c5 4. b3 Nc6 5. Bb2 Bg4 6. Be2 Bxf3 7. Bxf3 cxd4 8. exd4 e6 9. 0-0 Bd6 10. Nd2 Qb6 11. c3 0-0 12. g3 Rac8 13. Bg2 Rfd8 14. Rc1 a5 15. Re1 a4 16. b4 Qa7 17. a3 b5 18. Bf1 Qb8 19. Qe2 Na7 20. Bg2 Nd7 21. Nf1 Nb6 22. Ne3 Nc4 23. Nxc4 Rxc4 24. f4 Bf8 25. Bf1 Rc6 26. Qf3 Nc8 27. Bd3 Nd6 28. Rc2 Nc4 29. Bxc4 Rxc4 30. Rce2 Qc8 31. Re3 g6 32. Bc1 Bg7 33. Bd2 h5 34. R1e2 Qd7 35. Kg2 Rc7 36. Be1 Qc6 37. h4 Qc4 38. g4 hxg4 39. Qxg4 Kf8 40. Qg5 Rdc8 41. Bg3 Rc6 42. f5 exf5 43. Qe7+ Kg8 44. Be5 Re6 45. Qg5 Bxe5 46. Rxe5 Rxe5 47. Rxe5 Qxc3 48. Qe3 Qb2+ 1/2-1/2

[Event "Guillermo Garcia Memorial op 28th"]
[Site "Santa Clara"]
[Date "2019.04.27"]
[Round "5"]
[White "Soler Guerra, Jennys Dailin"]
[Black "Fernandez Rivero, Karla July"]
[Result "1/2-1/2"]
[WhiteElo "1898"]
[BlackElo "2079"]
[PlyCount "75"]
[EventDate "2019.04.23"]
[EventType "swiss"]
[EventRounds "9"]
[EventCountry "CUB"]
[SourceTitle "EXT 2020"]
[Source "ChessBase"]
[SourceDate "2019.10.17"]
[SourceVersion "1"]
[SourceVersionDate "2019.10.17"]
[SourceQuality "1"]

1. d4 Nf6 2. c4 e6 3. Nf3 Bb4+ 4. Bd2 Qe7 5. a3 Bxd2+ 6. Nbxd2 d6 7. e4 e5 8. d5 0-0 9. Bd3 Nh5 10. g3 Bg4 11. h3 Bd7 12. Qc2 a5 13. b3 Na6 14. Be2 g6 15. Nh2 Ng7 16. g4 Nc5 17. Nhf1 f5 18. gxf5 gxf5 19. Ne3 f4 20. Ng2 h5 21. Qd1 Be8 22. Bf3 Nd3+ 23. Ke2 Nc5 24. Ke1 Kh7 25. Qc2 Bg6 26. Ke2 c6 27. b4 Nd7 28. Qb2 Rfb8 29. Rhc1 c5 30. b5 b6 31. Rh1 Rg8 32. Rag1 Raf8 33. Qb3 Ne8 34. a4 Rg7 35. Qd1 Rfg8 36. Kd3 Kh6 37. Qe2 Bf7 38. Qd1 1/2-1/2

[Event "Moncada Cup-H"]
[Site "Santiago de Cuba"]
[Date "2019.03.29"]
[Round "10.1"]
[White "Soler Guerra, Jennys Dailin"]
[Black "Tamame Soria, Cesar Manuel"]
[Result "1/2-1/2"]
[WhiteElo "1855"]
[BlackElo "1839"]
[PlyCount "25"]
[EventDate "2019.03.20"]
[EventType "tourn"]
[EventRounds "10"]
[EventCountry "CUB"]
[SourceTitle "EXT 2023"]
[Source "ChessBase"]
[SourceDate "2022.10.05"]
[SourceVersion "1"]
[SourceVersionDate "2022.10.05"]
[SourceQuality "1"]

1. d4 d6 2. Nf3 g6 3. c4 Bg7 4. Nc3 c6 5. Bf4 Nf6 6. h3 0-0 7. e3 Nbd7 8. Be2 Re8 9. 0-0 a5 10. Re1 b6 11. e4 e5 12. dxe5 dxe5 13. Nxe5 1/2-1/2

[Event "Moncada Cup-H"]
[Site "Santiago de Cuba"]
[Date "2019.03.27"]
[Round "8.1"]
[White "Soler Guerra, Jennys Dailin"]
[Black "Torres Valiente, Brayan"]
[Result "1-0"]
[WhiteElo "1855"]
[BlackElo "1847"]
[PlyCount "47"]
[EventDate "2019.03.20"]
[EventType "tourn"]
[EventRounds "10"]
[EventCountry "CUB"]
[SourceTitle "EXT 2023"]
[Source "ChessBase"]
[SourceDate "2022.10.05"]
[SourceVersion "1"]
[SourceVersionDate "2022.10.05"]
[SourceQuality "1"]

1. d4 d5 2. Nf3 Nf6 3. e3 e6 4. Bd3 Be7 5. Nbd2 b6 6. Ne5 Bb7 7. Qf3 Nbd7 8. b3 0-0 9. Bb2 c5 10. Qh3 h6 11. 0-0 Rc8 12. Rad1 Nxe5 13. dxe5 Nd7 14. c4 Qc7 15. f4 Rfd8 16. cxd5 Bxd5 17. e4 Bc6 18. Nc4 Qb7 19. f5 f6 20. fxe6 Nxe5 21. Nxe5 fxe5 22. Bxe5 Bxe4 23. Qg4 Bf6 24. Bxe4 1-0

[Event "Moncada Cup-H"]
[Site "Santiago de Cuba"]
[Date "2019.03.26"]
[Round "7.1"]
[White "Torrez Ibanez, Pedro Miguel"]
[Black "Soler Guerra, Jennys Dailin"]
[Result "1-0"]
[WhiteElo "1841"]
[BlackElo "1855"]
[PlyCount "47"]
[EventDate "2019.03.20"]
[EventType "tourn"]
[EventRounds "10"]
[EventCountry "CUB"]
[SourceTitle "EXT 2023"]
[Source "ChessBase"]
[SourceDate "2022.10.05"]
[SourceVersion "1"]
[SourceVersionDate "2022.10.05"]
[SourceQuality "1"]

1. d4 d5 2. Nf3 Nf6 3. e3 e6 4. Bd3 Be7 5. Nbd2 b6 6. Ne5 Bb7 7. Qf3 0-0 8. b3 Nbd7 9. Bb2 c5 10. Qh3 h6 11. 0-0 Rc8 12. Rad1 Nxe5 13. dxe5 Nd7 14. c4 Qc7 15. f4 Rfd8 16. cxd5 Bxd5 17. e4 Bc6 18. Nc4 Qb7 19. f5 f6 20. fxe6 Nxe5 21. Nxe5 fxe5 22. Bxe5 Bxe4 23. Qg4 Bf6 24. Bxe4 1-0

[Event "Moncada Cup-H"]
[Site "Santiago de Cuba"]
[Date "2019.03.25"]
[Round "6.1"]
[White "Soler Guerra, Jennys Dailin"]
[Black "Mora Preval, Jairon Humberto"]
[Result "1-0"]
[WhiteElo "1855"]
[BlackElo "1849"]
[PlyCount "83"]
[EventDate "2019.03.20"]
[EventType "tourn"]
[EventRounds "10"]
[EventCountry "CUB"]
[SourceTitle "EXT 2023"]
[Source "ChessBase"]
[SourceDate "2022.10.05"]
[SourceVersion "1"]
[SourceVersionDate "2022.10.05"]
[SourceQuality "1"]

1. d4 d5 2. Nf3 Nf6 3. e3 e6 4. Bd3 Be7 5. 0-0 Nbd7 6. Nbd2 0-0 7. b3 b6 8. Ne5 Bb7 9. Qf3 Bb4 10. Rb1 Bxd2 11. Bxd2 Ne4 12. Qh3 f5 13. Be1 Rf6 14. Nxd7 Qxd7 15. Qf3 Qf7 16. Qe2 g5 17. f3 Nd6 18. Bg3 Rf8 19. Be5 Rh6 20. c4 Qh5 21. g4 Qf7 22. cxd5 Bxd5 23. e4 Bb7 24. Bxd6 cxd6 25. exf5 exf5 26. Bxf5 Rf6 27. Rbe1 Rxf5 28. gxf5 Qxf5 29. Qe6+ Qxe6 30. Rxe6 Bxf3 31. Rxd6 g4 32. Rd7 a5 33. Rc1 h5 34. Rcc7 Re8 35. Rg7+ Kh8 36. Rh7+ Kg8 37. Rxh5 Re1+ 38. Kf2 Re2+ 39. Kg3 Rxa2 40. Rh6 Rg2+ 41. Kf4 Rf2 42. Rxb6 1-0

[Event "CUB-ch U18 Girls"]
[Site "San Nicolas de Bari"]
[Date "2018.06.17"]
[Round "8"]
[White "Mantilla Gras, Geydis de la C"]
[Black "Soler Guerra, Jennys Dailin"]
[Result "1-0"]
[WhiteElo "2092"]
[BlackElo "1973"]
[PlyCount "113"]
[EventDate "2018.06.13"]
[EventType "swiss"]
[EventRounds "9"]
[EventCountry "CUB"]
[SourceTitle "EXT 2021"]
[Source "ChessBase"]
[SourceDate "2020.10.23"]
[SourceVersion "1"]
[SourceVersionDate "2020.10.23"]
[SourceQuality "1"]

1. e4 c5 2. Nf3 e6 3. d4 cxd4 4. Nxd4 a6 5. Bd3 Bc5 6. Nb3 Be7 7. c4 d6 8. Nc3 Nd7 9. Bf4 Ngf6 10. 0-0 Qc7 11. Rc1 b6 12. Qe2 Bb7 13. Rfd1 Ne5 14. Nd2 Rd8 15. Nf3 Ng6 16. Be3 0-0 17. Na4 Nd7 18. b4 Nge5 19. Nxe5 dxe5 20. c5 b5 21. Nb2 Bc6 22. a4 Qb7 23. axb5 axb5 24. Ra1 Ra8 25. f3 Ra6 26. Rxa6 Qxa6 27. Rb1 f5 28. Nd1 g6 29. Nc3 Rb8 30. Qf1 Qb7 31. Ra1 Bd8 32. Qb1 Nf6 33. Qb3 Qf7 34. Ra6 Bb7 35. Ra7 fxe4 36. Nxe4 Bd5 37. Qa3 Rb7 38. Rxb7 Qxb7 39. Nd6 Qb8 40. Nxb5 e4 41. Be2 exf3 42. gxf3 Bxf3 43. Bxf3 Qxb5 44. c6 Bc7 45. Qa8+ Kf7 46. Bc5 Ne8 47. Qc8 Qc4 48. Qd7+ Kf6 49. Qxe8 Qc1+ 50. Kg2 Qd2+ 51. Bf2 Qxb4 52. Qh8+ Kg5 53. h4+ Kf5 54. Qxh7 Be5 55. h5 Bf6 56. Qxg6+ Ke5 57. Bg3+ 1-0

[Event "CUB-ch U18 Girls"]
[Site "San Nicolas de Bari"]
[Date "2018.06.14"]
[Round "3"]
[White "Soler Guerra, Jennys Dailin"]
[Black "Macuran Rodriguez, Rosmary"]
[Result "1-0"]
[WhiteElo "1973"]
[BlackElo "1703"]
[PlyCount "77"]
[EventDate "2018.06.13"]
[EventType "swiss"]
[EventRounds "9"]
[EventCountry "CUB"]
[SourceTitle "EXT 2021"]
[Source "ChessBase"]
[SourceDate "2020.10.23"]
[SourceVersion "1"]
[SourceVersionDate "2020.10.23"]
[SourceQuality "1"]

1. d4 Nf6 2. Nf3 g6 3. c4 Bg7 4. Nc3 0-0 5. Bf4 d6 6. h3 Nbd7 7. e3 c5 8. Be2 b6 9. 0-0 Bb7 10. d5 a6 11. Qd2 Nh5 12. Bh2 Bc8 13. e4 Re8 14. Rfe1 Nf8 15. e5 dxe5 16. Nxe5 Nf6 17. Nc6 Qd7 18. Na4 Qb7 19. Bf3 Bd7 20. Nxe7+ Kh8 21. d6 Qa7 22. Bxa8 Rxa8 23. Nc3 Ne6 24. Ne4 Rf8 25. Nd5 Nxd5 26. cxd5 Nd4 27. Kh1 Qa8 28. Nc3 Qc8 29. Rac1 a5 30. Qf4 Kg8 31. Ne4 f6 32. h4 Nf5 33. Ng3 Bh6 34. Nxf5 Bxf4 35. Ne7+ Kh8 36. Nxc8 Bxc1 37. Nxb6 Bxb2 38. Nxd7 Rd8 39. Nxc5 1-0

[Event "Capablanca Memorial op 53rd"]
[Site "Havana"]
[Date "2018.05.12"]
[Round "4"]
[White "Otero Marino, Vladimir"]
[Black "Soler Guerra, Jennys Dailin"]
[Result "0-1"]
[WhiteElo "2195"]
[BlackElo "1912"]
[PlyCount "94"]
[EventDate "2018.05.09"]
[EventType "swiss"]
[EventRounds "10"]
[EventCountry "CUB"]
[SourceTitle "EXT 2021"]
[Source "ChessBase"]
[SourceDate "2020.10.23"]
[SourceVersion "1"]
[SourceVersionDate "2020.10.23"]
[SourceQuality "1"]

1. e4 c5 2. Nf3 e6 3. c4 Nc6 4. Nc3 d6 5. d4 cxd4 6. Nxd4 Nf6 7. Be2 Be7 8. 0-0 0-0 9. Be3 Bd7 10. f4 g6 11. Qe1 Re8 12. Rd1 Nxd4 13. Bxd4 Bc6 14. Bf3 Nd7 15. Kh1 Bf8 16. Qg3 a6 17. f5 e5 18. Be3 Qe7 19. Be2 Bg7 20. b4 b6 21. Bg4 Rac8 22. fxg6 hxg6 23. Bh3 b5 24. c5 dxc5 25. Bxd7 Bxd7 26. Bxc5 Qe6 27. Nd5 Bc6 28. Qh4 Bxd5 29. Rxd5 Rc6 30. g4 Bf8 31. Rf3 Be7 32. g5 Bxc5 33. bxc5 Rec8 34. Rh3 Kf8 35. Qh8+ Ke7 36. Qxe5 Qxe5 37. Rxe5+ Re6 38. Rd5 Rxe4 39. Rhd3 Rc4 40. Rd7+ Ke8 41. Ra7 R4xc5 42. Re3+ Kf8 43. Ree7 Rf5 44. h4 Rc2 45. Kg1 Rxa2 46. h5 Rxg5+ 47. Kf1 Rf5+ 0-1

[Event "Capablanca Memorial op 53rd"]
[Site "Havana"]
[Date "2018.05.11"]
[Round "3"]
[White "Soler Guerra, Jennys Dailin"]
[Black "Venzant Batista, Marcia Camila"]
[Result "1-0"]
[WhiteElo "1912"]
[BlackElo "2027"]
[PlyCount "119"]
[EventDate "2018.05.09"]
[EventType "swiss"]
[EventRounds "10"]
[EventCountry "CUB"]
[SourceTitle "EXT 2019"]
[Source "ChessBase"]
[SourceDate "2018.10.10"]
[SourceVersion "1"]
[SourceVersionDate "2018.10.10"]
[SourceQuality "1"]

1. d4 Nf6 2. Nf3 g6 3. c4 Bg7 4. Nc3 0-0 5. Bf4 d6 6. e3 b6 7. Be2 Bb7 8. 0-0 Ne4 9. Qc2 Nxc3 10. Qxc3 Nd7 11. Rac1 Rc8 12. Rfd1 Nf6 13. Qa3 Be4 14. Nd2 Bf5 15. c5 Ne4 16. Nxe4 Bxe4 17. f3 Bc6 18. Ba6 bxc5 19. Bxc8 Qxc8 20. Qxa7 Qd7 21. Qa5 Ra8 22. Qd2 cxd4 23. exd4 Rxa2 24. Ra1 Ra4 25. Rxa4 Bxa4 26. b3 Bxb3 27. Rb1 Qa4 28. Be3 h5 29. Qb2 Bd5 30. Ra1 Qc4 31. Rc1 Qd3 32. Kf2 c6 33. Rc2 Kh7 34. Rd2 Qc4 35. Qb8 e5 36. dxe5 Bxe5 37. g3 Qb3 38. Qxb3 Bxb3 39. f4 Bg7 40. Rxd6 Bd5 41. h3 Bf8 42. Rd8 Be7 43. Rd7 Bf6 44. Rc7 Bd8 45. Rc8 Bf6 46. Bc5 Bg7 47. Rc7 Kh6 48. Ra7 Bc3 49. Ra3 Bb2 50. Ra8 Kg7 51. Rc8 Bc3 52. Rd8 Kf6 53. g4 hxg4 54. hxg4 Bd2 55. Rd6+ Kg7 56. Bd4+ Kf8 57. Be5 Bb4 58. Rd8+ Ke7 59. Rb8 Kd7 60. Rxb4 1-0

[Event "CUB-ch U18 Girls"]
[Site "Camaguey"]
[Date "2017.06.23"]
[Round "5.9"]
[White "Soler Guerra, Jennys Dailin"]
[Black "Labrada Bacallao, Grisel"]
[Result "1/2-1/2"]
[WhiteElo "2214"]
[BlackElo "1958"]
[PlyCount "119"]
[EventDate "2017.06.21"]
[EventType "swiss"]
[EventRounds "9"]
[EventCountry "CUB"]
[SourceTitle "EXT 2023"]
[Source "ChessBase"]
[SourceDate "2022.10.05"]
[SourceVersion "1"]
[SourceVersionDate "2022.10.05"]
[SourceQuality "1"]

1. d4 e6 2. Nf3 Nf6 3. e3 b6 4. Bd3 Bb7 5. Nbd2 Be7 6. 0-0 d6 7. Re1 0-0 8. c3 c5 9. Nf1 Nbd7 10. Ng3 d5 11. Ne5 Qc7 12. f4 c4 13. Bc2 Ne4 14. Nxe4 dxe4 15. Nxd7 Qxd7 16. Qe2 Rac8 17. Bd2 a6 18. b3 Bd5 19. Reb1 b5 20. Qd1 Qc6 21. a4 Ra8 22. b4 Bd6 23. Be1 Bc7 24. Bh4 Qd7 25. Qe2 f5 26. Kf1 Rfb8 27. Ke1 Qd6 28. a5 Bd8 29. Bxd8 Qxd8 30. Kd2 Qf6 31. Rg1 Kf7 32. g4 g6 33. Rg2 Rh8 34. Rag1 Rag8 35. Bd1 h6 36. Qf2 g5 37. gxf5 exf5 38. Bh5+ Ke7 39. h3 Be6 40. Be2 Rh7 41. Rg3 Rhg7 42. Qg2 Kf8 43. fxg5 hxg5 44. Rf1 Ke7 45. Qh1 Bd5 46. Bg4 f4 47. Rgg1 f3 48. Qh2 Qd6 49. Qf2 Qh6 50. Rg3 Rf8 51. Rfg1 Qf6 52. Rf1 Qh6 53. Rfg1 Qf6 54. Kc2 Qg6 55. Kd2 Qf6 56. Rf1 Qh6 57. Rfg1 Qf6 58. Rh1 Rh7 59. Rf1 Rg7 60. Rfg1 1/2-1/2

[Event "Barreras Memorial"]
[Site "Las Tunas"]
[Date "2017.04.12"]
[Round "4"]
[White "Soler Guerra, Jennys Dailin"]
[Black "Wert Licea, Mile Del Carmen"]
[Result "1/2-1/2"]
[WhiteElo "1960"]
[BlackElo "1885"]
[PlyCount "39"]
[EventDate "2017.04.11"]
[EventType "tourn"]
[EventRounds "7"]
[EventCountry "CUB"]
[SourceTitle "EXT 2023"]
[Source "ChessBase"]
[SourceDate "2022.10.05"]
[SourceVersion "1"]
[SourceVersionDate "2022.10.05"]
[SourceQuality "1"]

1. d4 d5 2. Nf3 Nf6 3. c4 e6 4. Bg5 Be7 5. Nc3 0-0 6. e3 c5 7. Bd3 Nc6 8. cxd5 Nxd5 9. Bxe7 Qxe7 10. dxc5 Nxc3 11. bxc3 Qxc5 12. Qc2 h6 13. 0-0 Ne5 14. Nxe5 Qxe5 15. Rfd1 b6 16. Be4 Rb8 17. Rd4 Bb7 18. Rad1 Bxe4 19. Qxe4 Qxe4 20. Rxe4 1/2-1/2

[Event "Barreras Memorial"]
[Site "Las Tunas"]
[Date "2017.04.11"]
[Round "1"]
[White "Soler Guerra, Jennys Dailin"]
[Black "Salina Parra, Leandro"]
[Result "1-0"]
[WhiteElo "1960"]
[BlackElo "1977"]
[PlyCount "123"]
[EventDate "2017.04.11"]
[EventType "tourn"]
[EventRounds "7"]
[EventCountry "CUB"]
[SourceTitle "EXT 2023"]
[Source "ChessBase"]
[SourceDate "2022.10.05"]
[SourceVersion "1"]
[SourceVersionDate "2022.10.05"]
[SourceQuality "1"]

1. d4 d5 2. Nf3 Nf6 3. e3 Bf5 4. Be2 e6 5. Ne5 Nbd7 6. g4 Bg6 7. h4 Be7 8. Nxd7 Nxd7 9. h5 Be4 10. f3 Bh4+ 11. Kd2 c5 12. fxe4 cxd4 13. c3 Nc5 14. Bb5+ Kf8 15. Kc2 Nxe4 16. Qxd4 Bf6 17. Qb4+ Be7 18. Qa4 a6 19. Bf1 b5 20. Bxb5 axb5 21. Qxb5 Rb8 22. Qa4 Ra8 23. Qb5 Rb8 24. Qe2 Ng3 25. Qf3 Nxh1 26. Nd2 Bd6 27. Qxh1 Qg5 28. Qf3 f5 29. gxf5 Qxf5+ 30. e4 dxe4 31. Qxe4 Kf7 32. Qxf5+ exf5 33. Nc4 Bc7 34. Bg5 Rhe8 35. a4 Re4 36. b3 Rg4 37. Be3 f4 38. Bd4 Rg2+ 39. Kd3 Rxb3 40. a5 Bxa5 41. Rxa5 g6 42. Ra7+ Ke6 43. Ke4 gxh5 44. Rxh7 Rg3 45. Rh6+ Ke7 46. Bf6+ Kd7 47. Ne5+ Kc7 48. Nf3 Rb6 49. Be5+ Kb7 50. Rxh5 Rg4 51. Rh7+ Ka6 52. c4 Rgg6 53. Bd4 Rb7 54. Rh2 Rc7 55. Ne5 Re6 56. Ra2+ Kb7 57. c5 f3 58. Kd5 Rf6 59. c6+ Kb8 60. Nd7+ Rxd7+ 61. cxd7 Rf8 62. Bb6 1-0

[Event "Granma Oriental zt (Women)"]
[Site "Granma"]
[Date "2016.11.26"]
[Round "9.4"]
[White "Wert Licea, Mile Del Carmen"]
[Black "Soler Guerra, Jennys Dailin"]
[Result "0-1"]
[WhiteElo "1898"]
[BlackElo "1962"]
[PlyCount "54"]
[EventDate "2016.11.21"]
[EventType "tourn"]
[EventRounds "11"]
[EventCountry "CUB"]
[SourceTitle "EXT 2023"]
[Source "ChessBase"]
[SourceDate "2022.10.05"]
[SourceVersion "1"]
[SourceVersionDate "2022.10.05"]
[SourceQuality "1"]

1. e4 c5 2. Nf3 e6 3. d4 cxd4 4. Nxd4 a6 5. Bd3 Nf6 6. Qe2 d6 7. 0-0 g6 8. c4 Bg7 9. Nc3 0-0 10. Rd1 Qc7 11. h3 Nc6 12. Nf3 Nd7 13. Bf4 Bxc3 14. bxc3 e5 15. Bh6 Re8 16. Nh2 Nc5 17. Bc2 f6 18. Qf3 Qe7 19. Nf1 Be6 20. Ne3 Nd8 21. Nd5 Bxd5 22. Rxd5 g5 23. h4 Nf7 24. Qh5 Kh8 25. Re1 Rg8 26. Re3 Rg6 27. hxg5 fxg5 0-1

[Event "Granma Oriental zt (Women)"]
[Site "Granma"]
[Date "2016.11.25"]
[Round "8.4"]
[White "Soler Guerra, Jennys Dailin"]
[Black "Venzant Batista, Marcia Camila"]
[Result "1-0"]
[WhiteElo "1962"]
[BlackElo "2012"]
[PlyCount "117"]
[EventDate "2016.11.21"]
[EventType "tourn"]
[EventRounds "11"]
[EventCountry "CUB"]
[SourceTitle "EXT 2023"]
[Source "ChessBase"]
[SourceDate "2022.10.05"]
[SourceVersion "1"]
[SourceVersionDate "2022.10.05"]
[SourceQuality "1"]

1. d4 Nf6 2. Nf3 c5 3. e3 cxd4 4. exd4 e6 5. Bd3 b6 6. 0-0 Bb7 7. c3 Be7 8. Nbd2 0-0 9. Re1 d6 10. Nf1 Nbd7 11. Bf4 Re8 12. Ng3 Bf8 13. Bc2 Qc7 14. Bg5 g6 15. Qd2 Bxf3 16. gxf3 e5 17. Ba4 Rec8 18. dxe5 dxe5 19. Bxf6 Nxf6 20. Qg5 Bg7 21. Qxe5 Qb7 22. Qf4 Rc5 23. Rad1 b5 24. Bb3 g5 25. Qe3 Rac8 26. Qe7 Qxe7 27. Rxe7 Rf8 28. Rxa7 Re5 29. Rd6 h5 30. Rb6 h4 31. Ne4 Nxe4 32. fxe4 Rxe4 33. Rxb5 h3 34. Kf1 g4 35. Rbb7 Rf4 36. Ra4 Rxa4 37. Bxa4 Be5 38. Bb3 Bd6 39. Rd7 Be5 40. Re7 Bxh2 41. Re4 Rd8 42. Rxg4+ Kf8 43. Rh4 Rd2 44. Rxh3 Be5 45. Re3 f6 46. Re2 Rd6 47. Ke1 Kg7 48. Re4 Rd7 49. f4 Bb8 50. Rb4 Bd6 51. Rd4 Re7+ 52. Kd1 Bc5 53. Rc4 Rd7+ 54. Ke2 Re7+ 55. Kf3 Re3+ 56. Kg4 Bd6 57. Rd4 Bb8 58. Rd7+ Kh6 59. Bc2 1-0